000 00370nam a2200133Ia 4500
005 20260328104314.0
008 260328s9999||||xx |||||||||||||| ||und||
100 _aAlvariño, Miguel
245 0 _aTipologías y Tecnologías de Vivienda de poblaciones menores. /
_cMiguel Alvariño
260 _bIninvi
300 _a120 p.
650 _aDISEÑO Y PLANOS
942 _cBK
999 _c11097
_d11097